Danmarks Universiteter - Statistics

General Stats
  • This quiz has been taken 375 times
  • The average score is 6 of 8
Answer Stats
# Svar % Correct
1 Københavns Universitet
100%
2 Aarhus Universitet
99%
5 Aalborg Universitet
98%
3 Syddansk Universitet
98%
4 Roskilde Universitet
79%
6 Danmarks Tekniske Universitet
53%
7 Copenhagen Business School
41%
8 IT-Universitetet i København
21%
No matching quizzes found
Score Distribution
Percent of People with Each Score
Percentile by Number Answered
Your Score History
You have not taken this quiz